Т. 4 : Дополнительный; Труды XY Международного конгресса по стеклу

Opis bibliograficzny
Parent link:Труды XY Международного конгресса по стеклу=XY International Congress on Glass, Leningrad, 1989: в 3 т./ Академия наук СССР (АН СССР), Институт химии силикатов им. И. В. Гребенщикова (ИХС) ; под ред. О. В. Мазурина. Т. 4 : Дополнительный.— , 1989
Język:angielski
rosyjski
Wydane: 1990
Hasła przedmiotowe:
Format: MixedMaterials Książka
KOHA link:https://koha.lib.tpu.ru/cgi-bin/koha/opac-detail.pl?biblionumber=177562

MARC

LEADER 00000nam2a2200000 4500
001 177562
005 20231101223336.0
035 |a (RuTPU)RU\TPU\book\192504 
090 |a 177562 
100 |a 20100319d1990 k y0rusy50 ca 
101 1 |a eng  |a rus 
102 |a RU 
105 |a a z 101zy 
200 0 |a Т. 4 : Дополнительный 
210 |d 1990 
215 |a 240 с.  |c ил. 
320 |a Библиография в конце статей 
461 1 |0 (RuTPU)RU\TPU\book\272859  |t Труды XY Международного конгресса по стеклу  |o в 3 т.  |f Академия наук СССР (АН СССР), Институт химии силикатов им. И. В. Гребенщикова (ИХС) ; под ред. О. В. Мазурина  |l XY International Congress on Glass, Leningrad, 1989  |v Т. 4 : Дополнительный  |d 1989  |s Glass' 89 
606 1 |a Стекольное производство  |2 stltpush  |3 (RuTPU)RU\TPU\subj\34553  |9 56474 
610 1 |a химическая технология 
610 1 |a стекло 
610 1 |a стекловарение 
610 1 |a стекловидные материалы 
610 1 |a стекольная промышленность 
610 1 |a стекольное производство 
610 1 |a стекольное сырье 
610 1 |a научные исследования 
610 1 |a конгрессы 
610 1 |a Ленинград 
675 |a 666.11(063)  |v 3 
801 1 |a RU  |b 63413507  |c 20100319 
801 2 |a RU  |b 63413507  |c 20140221  |g RCR 
942 |c BK